| 000 | 00569nam a22001817a 4500 | ||
|---|---|---|---|
| 003 | BD-DhJNU | ||
| 005 | 20251028051217.0 | ||
| 008 | 251028b |||||||| |||| 00| 0 eng d | ||
| 020 | _a9788190828888 | ||
| 040 |
_aBD-DhJNU _bENG _cBD-DhJNU _dBD-DhJNU |
||
| 082 |
_223 _a820.9 |
||
| 100 | _aGangopadhyay, Avik | ||
| 245 |
_aDiaspora : _bbetween phenomenon and reality roots of trauma literature / _cAvik Gangopadhyay |
||
| 260 |
_aKolkata : _bBhashabandhan Prakashani, _c2010. |
||
| 300 |
_axvii, 324 p. : _c22 cm. |
||
| 650 | _aModern Literature | ||
| 942 |
_2ddc _cBK _n0 |
||
| 999 |
_c2313 _d2313 |
||